Normal view
MARC view
- Yates.K.etal.
Entry Personal Name
001 - CONTROL NUMBER
- control field: 4546
003 - CONTROL NUMBER IDENTIFIER
- control field: OSt
005 - DATE AND TIME OF LATEST TRANSACTION
- control field: 20171128094224.0
008 - FIXED-LENGTH DATA ELEMENTS
- fixed length control field: 171128|| aca||aabn | a|a d
040 ## - CATALOGING SOURCE
- Original cataloging agency: OSt
- Transcribing agency: OSt
100 ## - HEADING--PERSONAL NAME
- Personal name: Yates.K.etal.
670 ## - SOURCE DATA FOUND
- Source citation: Work cat.: (OSt): Yates.K.etal., Tae Kwon Do Basics